00483nam a2200181Ii 45000010005000000030009000050080041000140400033000550410008000880820015000961000029001112450019001402640049001593000012002083360026002203370028002463380027002743465CO-ViMGA241108s9999||||xx |||||||||||||| ||und|| aCO-ViMGAbspaerdacCO-ViMGA0 aspa04a320.5 G1371 aJorge Eliécer Gaitán10aObras selectas 1aBogotá, Colombia : Imprenta Nacional, 1979 avolumen atextbtxt2rdacontent aunmediatedbn2rdamedia avolumebnc2rdacarrier